|
|
|
|
| LEADER |
00000nam0a2200000 4500 |
| 001 |
307687 |
| 005 |
20231102002022.0 |
| 020 |
|
|
|a RU
|b 81-70714
|
| 035 |
|
|
|a (RuTPU)RU\TPU\book\332992
|
| 090 |
|
|
|a 307687
|
| 100 |
|
|
|a 20151023d1981 k y0rusy5003 ca
|
| 101 |
0 |
|
|a rus
|
| 102 |
|
|
|a RU
|
| 105 |
|
|
|a a z 101zy
|
| 200 |
1 |
|
|a Аэродинамика в технологических процессах
|e [материалы Всесоюзного совещания, Жданов, 1978 г.]
|f Академия наук СССР (АН СССР)
|
| 210 |
|
|
|a Москва
|c Наука
|d 1981
|
| 215 |
|
|
|a 247 с.
|c ил.
|d 21 см.
|
| 320 |
|
|
|a Библиография в конце статей
|
| 606 |
1 |
|
|a Химическая технология
|x Процессы
|x Переноса явления
|x Аэродинамические иссследования
|2 stltpush
|3 (RuTPU)RU\TPU\subj\30940
|9 53942
|
| 610 |
1 |
|
|a технологические процессы
|
| 610 |
1 |
|
|a потоки
|
| 610 |
1 |
|
|a параметры
|
| 610 |
1 |
|
|a исследование
|
| 610 |
1 |
|
|a аэродинамические методы
|
| 610 |
1 |
|
|a зернистый слой
|
| 610 |
1 |
|
|a кипящий слой
|
| 610 |
1 |
|
|a многофазные среды
|
| 610 |
1 |
|
|a неоднородные среды
|
| 610 |
1 |
|
|a механика
|
| 610 |
1 |
|
|a молекулярная гидродинамика
|
| 610 |
1 |
|
|a каталитические процессы
|
| 610 |
1 |
|
|a совещания
|
| 675 |
|
|
|a 66.011(063)
|z rus
|v 4
|
| 712 |
0 |
2 |
|a Академия наук СССР (АН СССР)
|c (Ленинград/Москва)
|c (1925-1991)
|2 stltpush
|3 (RuTPU)RU\TPU\col\722
|
| 712 |
1 |
2 |
|a Аэродинамика в технологических процессах
|c совещание
|e Жданов
|f 1978
|
| 801 |
|
0 |
|a RU
|b RuMRKP
|c 19950704
|g psbo
|
| 801 |
|
1 |
|a RU
|b 63413507
|c 20151023
|
| 801 |
|
2 |
|a RU
|b 63413507
|c 20180906
|g RCR
|
| 942 |
|
|
|c BK
|